000 00430nam a2200133Ia 4500
005 20260209120138.0
008 260209s9999||||xx |||||||||||||| ||und||
100 _aNishant Sharma
245 0 _aErroneous capital punishment in India
260 _aBangaloreBangalore
_bNLSIU
_c2017
300 _a149 p. ; 25 cm.
700 _aDr. A Nagarathna - GuideDr. A Nagarathna - Guide
856 _uhttps://dans.nls.ac.in/handle/123456789/1573
999 _c217316
_d217316